The toys of terror / (Record no. 2961)

MARC details
000 -LEADER
fixed length control field 01611cam a2200349 a 4500
001 - CONTROL NUMBER
control field 2961
003 - CONTROL NUMBER IDENTIFIER
control field FISKH
005 - DATE AND TIME OF LATEST TRANSACTION
control field 20250522145505.0
008 - FIXED-LENGTH DATA ELEMENTS--GENERAL INFORMATION
fixed length control field 080724s2009 mnua c 000 1 eng
010 ## - LIBRARY OF CONGRESS CONTROL NUMBER
LC control number 2008032428
020 ## - INTERNATIONAL STANDARD BOOK NUMBER
International Standard Book Number 9781434211569 (library binding)
020 ## - INTERNATIONAL STANDARD BOOK NUMBER
International Standard Book Number 9781434213747 (pbk.)
040 ## - CATALOGING SOURCE
Original cataloging agency DLC
Transcribing agency DLC
Modifying agency DLC
Language of cataloging eng
042 ## - AUTHENTICATION CODE
Authentication code lcac
050 00 - LIBRARY OF CONGRESS CALL NUMBER
Classification number PZ7.E9215
Item number Toy 2009
082 00 - DEWEY DECIMAL CLASSIFICATION NUMBER
Classification number [Fic]
Edition number 22
100 1# - MAIN ENTRY--PERSONAL NAME
Personal name Everheart, Chris.
245 14 - TITLE STATEMENT
Title The toys of terror /
Statement of responsibility, etc. written by Chris Everheart ; illustrated by John Delaney and Lee Loughridge Superman created by Jerry Siegel and Joe Shuster
260 ## - PUBLICATION, DISTRIBUTION, ETC.
Place of publication, distribution, etc. Minneapolis :
Name of publisher, distributor, etc. Stone Arch Books,
Date of publication, distribution, etc. 2013.
300 ## - PHYSICAL DESCRIPTION
Extent 49 pages :
Other physical details color illustrations ;
Dimensions 20 cm.
490 0# - SERIES STATEMENT
Series statement DC super heroes. Superman
500 ## - GENERAL NOTE
General note "Superman created by Jerry Siegel and Joe Shuster."
505 ## - FORMATTED CONTENTS NOTE
Formatted contents note O<br/>
520 ## - SUMMARY, ETC.
Summary, etc. Christmas dreams become nightmares when toys turn deadly. Tiny helicopters attack holiday shoppers. Cannons shoot out rubber duckies. Even a bouncing soccer ball is transformed into a deadly weapon. SUPERMAN must save LOIS LANE and a group of children trapped on a runaway holiday parade float. But when the float hides inside a giant tunnel made of lead, even SUPERMAN'S super-vision cannot find the victims. Only one person can be behind all the mayhem, the TOYMAN!
521 ## - TARGET AUDIENCE NOTE
Target audience note 610 <br/>
Source Lexile<br/>
521 ## - TARGET AUDIENCE NOTE
Target audience note O <br/>
Source Raz-Plus <br/>
650 #1 - SUBJECT ADDED ENTRY--TOPICAL TERM
Topical term or geographic name entry element Superheroes
Form subdivision Fiction.
700 1# - ADDED ENTRY--PERSONAL NAME
Personal name Delaney, John,
Relator term illustrator
700 1# - ADDED ENTRY--PERSONAL NAME
Personal name Loughridge, Lee
Relator term illustrator
906 ## - LOCAL DATA ELEMENT F, LDF (RLIN)
a 7
b cbc
c orignew
d 1
e ecip
f 20
g y-gencatlg
942 ## - ADDED ENTRY ELEMENTS (KOHA)
Source of classification or shelving scheme Dewey Decimal Classification
Koha item type Books
Suppress in OPAC No
Holdings
Withdrawn status Lost status Source of classification or shelving scheme Damaged status Not for loan Collection Home library Current library Shelving location Date acquired Total Checkouts Full call number Barcode Date last seen Price effective from Koha item type Copy number
    Dewey Decimal Classification     Juvenile Fiction Footprints International School Library Network Toul Kork Campus Footprints International School Library Network Toul Kork Campus TK Primary Library Room(4th Floor), Bookcase 3&4, Shelves 17-32, Yellow Books 01/25/2024   EVE 813.6 PZ7.E9215 FISTK00242 01/25/2024 01/25/2024 Books  
    Dewey Decimal Classification     Juvenile Fiction Footprints International School Library Network Toul Tom Poung Campus Footprints International School Library Network Toul Tom Poung Campus TTP Primary Yellow Bookshelves 05/22/2025   EVE 813.6 PZ7.E9215 2025-1384 05/22/2025 05/22/2025 Books 2